[Event "VIE-ch U20 Girls"]
[Site "Ho Chi Minh City"]
[Date "2022.07.14"]
[Round "5"]
[White "Nghiem, Thao Tam"]
[Black "Nguyen, Ngoc Bich Chan"]
[Result "1-0"]
[WhiteElo "2058"]
[BlackElo "2066"]
[PlyCount "99"]
[EventDate "2022.07.11"]
[EventType "swiss"]
[EventRounds "9"]
[EventCountry "VIE"]
[SourceTitle "EXT 2023"]
[Source "ChessBase"]
[SourceDate "2022.10.05"]
[SourceVersion "1"]
[SourceVersionDate "2022.10.05"]
[SourceQuality "1"]

1. e4 e5 2. Nf3 Nc6 3. Bb5 Nf6 4. 0-0 d6 5. d4 a6 6. Bxc6+ bxc6 7. dxe5 Nxe4 8. exd6 Nxd6 9. Qd4 h6 10. Re1+ Be6 11. Ne5 Nf5 12. Qxd8+ Rxd8 13. Nxc6 Rd5 14. c3 Bd6 15. Nd2 0-0 16. Ne4 Bd7 17. Nxd6 Rxd6 18. Ne5 Re6 19. Bf4 Rfe8 20. Kf1 Bc8 21. Nd3 R8e7 22. Nc5 Rc6 23. Rxe7 Nxe7 24. b4 Nd5 25. Be5 a5 26. a3 axb4 27. cxb4 Bf5 28. Rc1 f6 29. Bg3 g5 30. h4 Kf7 31. Nb3 Rxc1+ 32. Nxc1 Bc2 33. Ke2 Ke6 34. Kd2 Ba4 35. Nd3 Bb5 36. hxg5 hxg5 37. Bh2 f5 38. f3 c6 39. g3 Nb6 40. Nb2 Ke5 41. Bg1 Nc4+ 42. Nxc4+ Bxc4 43. a4 f4 44. g4 Bf1 45. Bc5 Ke6 46. a5 Bb5 47. Kc3 Be2 48. Kd4 Bb5 49. Bb6 Kd6 50. Bd8 1-0

[Event "VIE-ch U20 Girls"]
[Site "Hanoi"]
[Date "2022.06.15"]
[Round "7"]
[White "Phan, Thi My Huong"]
[Black "Nguyen, Ngoc Bich Chan"]
[Result "1-0"]
[WhiteElo "2063"]
[BlackElo "2067"]
[PlyCount "45"]
[EventDate "2022.06.11"]
[EventType "swiss"]
[EventRounds "7"]
[EventCountry "VIE"]
[SourceTitle "EXT 2023"]
[Source "ChessBase"]
[SourceDate "2022.10.05"]
[SourceVersion "1"]
[SourceVersionDate "2022.10.05"]
[SourceQuality "1"]

1. e4 e5 2. Nf3 Nc6 3. d4 exd4 4. Bc4 h6 5. 0-0 d6 6. Nxd4 Nf6 7. Nxc6 bxc6 8. e5 dxe5 9. Bxf7+ Ke7 10. Qxd8+ Kxd8 11. Nc3 Bd6 12. h3 g5 13. b3 Bf5 14. Bb2 Bxc2 15. Rac1 Bf5 16. Rfe1 Rf8 17. Bc4 Kd7 18. Rcd1 e4 19. Ne2 Rae8 20. Nd4 Bg6 21. Ba6 Nd5 22. Bb7 Nb4 23. Bc3 1-0

[Event "VIE-ch U20 Girls"]
[Site "Hanoi"]
[Date "2022.06.14"]
[Round "5"]
[White "Nguyen, Ngoc Bich Chan"]
[Black "Dao, Le Bao Ngan"]
[Result "0-1"]
[WhiteElo "2067"]
[BlackElo "2061"]
[PlyCount "122"]
[EventDate "2022.06.11"]
[EventType "swiss"]
[EventRounds "7"]
[EventCountry "VIE"]
[SourceTitle "EXT 2023"]
[Source "ChessBase"]
[SourceDate "2022.10.05"]
[SourceVersion "1"]
[SourceVersionDate "2022.10.05"]
[SourceQuality "1"]

1. d4 d5 2. c4 e6 3. Nc3 Nf6 4. Bg5 Bb4 5. e3 0-0 6. a3 Bxc3+ 7. bxc3 h6 8. Bh4 Nbd7 9. Nf3 c6 10. c5 b6 11. cxb6 axb6 12. Bd3 b5 13. 0-0 Qe7 14. Ne5 Qd6 15. f4 Rxa3 16. Rxa3 Qxa3 17. Qc2 Nxe5 18. fxe5 Ng4 19. Rf3 h5 20. h3 Nh6 21. Bg5 Nf5 22. g4 hxg4 23. hxg4 Nh6 24. Bxh6 gxh6 25. Rf6 Qe7 26. Qh2 Qa3 27. Qc2 Bd7 28. Rxh6 Ra8 29. Bf1 Kf8 30. Qh7 Ke7 31. Rf6 Be8 32. Qc2 c5 33. g5 cxd4 34. exd4 Rc8 35. Qf2 Qc1 36. Qh4 Qxc3 37. Rf2 Rc7 38. g6+ Kd7 39. g7 Qb4 40. g8R Rb7 41. Rgg2 Qa4 42. Rb2 b4 43. Rgc2 b3 44. Rc5 Rb4 45. Qe1 Ke7 46. Qc3 Rxd4 47. Rxb3 Rg4+ 48. Bg2 Qe4 49. Qf3 Qd4+ 50. Re3 Rxg2+ 51. Kxg2 Qxc5 52. Rc3 Qb6 53. Qd3 Qb2+ 54. Qc2 Qxc2+ 55. Rxc2 Ba4 56. Rc7+ Kf8 57. Kf3 Bd1+ 58. Kf4 Kg7 59. Kg5 Be2 60. Rc2 Bd3 61. Rd2 Bg6 0-1

[Event "VIE-ch U20 Girls"]
[Site "Hanoi"]
[Date "2022.06.13"]
[Round "4"]
[White "Nguyen, Ngoc Bich Chan"]
[Black "Nguyen, Ngoc Hao"]
[Result "0-1"]
[WhiteElo "2067"]
[BlackElo "2066"]
[PlyCount "100"]
[EventDate "2022.06.11"]
[EventType "swiss"]
[EventRounds "7"]
[EventCountry "VIE"]
[SourceTitle "EXT 2023"]
[Source "ChessBase"]
[SourceDate "2022.10.05"]
[SourceVersion "1"]
[SourceVersionDate "2022.10.05"]
[SourceQuality "1"]

1. d4 d5 2. c4 e6 3. Nc3 Nf6 4. Bg5 Be7 5. e3 0-0 6. Nf3 h6 7. Bf4 c5 8. dxc5 Bxc5 9. Qc2 Bb4 10. a3 Bxc3+ 11. Qxc3 Nc6 12. Bd3 Bd7 13. 0-0 Rc8 14. h3 Na5 15. c5 Nc6 16. b4 a6 17. Rac1 Ne7 18. Bh2 Bc6 19. Ne5 Re8 20. Nxc6 Nxc6 21. Rfd1 Nd7 22. Qb2 e5 23. Be2 Nf6 24. f4 exf4 25. exf4 Qe7 26. Bf3 Red8 27. Re1 Qf8 28. f5 Rd7 29. Bd6 Qd8 30. Qd2 Ne8 31. Be5 Nxe5 32. Rxe5 d4 33. c6 Rdc7 34. Rce1 Nf6 35. cxb7 Rb8 36. Rc1 Rbxb7 37. Bxb7 Rxb7 38. Rc4 d3 39. Rec5 Kh7 40. Ra5 Rb6 41. Rac5 Rb7 42. a4 Re7 43. Qf4 Rd7 44. Rc1 Rd4 45. Qe3 Re4 46. Qg3 Re2 47. Qf3 Qd4+ 48. Kh1 Ne4 49. R5c4 Re1+ 50. Kh2 Qg1# 0-1

[Event "VIE-ch U20 Girls"]
[Site "Hanoi"]
[Date "2022.06.11"]
[Round "1"]
[White "Huynh, Ngoc Anh Thu"]
[Black "Nguyen, Ngoc Bich Chan"]
[Result "1-0"]
[WhiteElo "2058"]
[BlackElo "2067"]
[PlyCount "101"]
[EventDate "2022.06.11"]
[EventType "swiss"]
[EventRounds "7"]
[EventCountry "VIE"]
[SourceTitle "EXT 2023"]
[Source "ChessBase"]
[SourceDate "2022.10.05"]
[SourceVersion "1"]
[SourceVersionDate "2022.10.05"]
[SourceQuality "1"]

1. e4 e5 2. Nf3 Nc6 3. d4 d6 4. dxe5 dxe5 5. Qxd8+ Kxd8 6. Bc4 f6 7. Nc3 Bg4 8. a3 Bxf3 9. gxf3 Nd4 10. 0-0 Nxf3+ 11. Kg2 Nd4 12. Bd3 Kd7 13. Be3 Rd8 14. Ne2 Kc8 15. Rfd1 Ne7 16. b4 g5 17. Bc4 b5 18. c3 Nc2 19. Be6+ Kb7 20. Rxd8 Nxa1 21. Rd2 Ng6 22. Ra2 Nf4+ 23. Bxf4 gxf4 24. Rxa1 h5 25. Rg1 Bh6 26. f3 Rd8 27. h4 Rd2 28. Kf2 Rd6 29. Bb3 Ra6 30. Ra1 Rd6 31. a4 c6 32. a5 Rd7 33. Be6 Rc7 34. Rd1 Bf8 35. Rd8 Be7 36. Rd7 c5 37. Rxc7+ Kxc7 38. c4 bxc4 39. b5 Kb7 40. Bxc4 Bd8 41. a6+ Kb6 42. Nc3 Ka5 43. Ke2 Kb4 44. Kd3 Ka3 45. Bf7 Kb4 46. Bxh5 c4+ 47. Kc2 Kc5 48. Bf7 Be7 49. h5 Bf8 50. Bxc4 Kxc4 51. b6 1-0

[Event "VIE-ch U09 Girls"]
[Site "Ho Chi Minh City"]
[Date "2014.07.15"]
[Round "4"]
[White "Nguyen, Thi Thanh Ngan"]
[Black "Nguyen, Ngoc Bich Chan"]
[Result "1-0"]
[WhiteElo "1577"]
[BlackElo "1600"]
[PlyCount "41"]
[EventDate "2014.07.13"]
[EventType "swiss"]
[EventRounds "9"]
[EventCountry "VIE"]
[SourceTitle "EXT 2016"]
[Source "ChessBase"]
[SourceDate "2015.10.08"]
[SourceVersion "1"]
[SourceVersionDate "2015.10.08"]
[SourceQuality "1"]

1. e4 e5 2. Nf3 Nc6 3. Bc4 Nf6 4. Nc3 Bc5 5. 0-0 0-0 6. h3 d6 7. d3 Bb6 8. Re1 Ne8 9. Bg5 Nf6 10. Nd5 Nd4 11. c3 Ne6 12. Bxf6 gxf6 13. Nxb6 cxb6 14. Bxe6 Bxe6 15. d4 exd4 16. Nxd4 d5 17. e5 fxe5 18. Rxe5 Qf6 19. Re3 Qg6 20. Rg3 Qxg3 21. fxg3 1-0

[Event "VIE-ch U09 Girls"]
[Site "Ho Chi Minh City"]
[Date "2014.07.14"]
[Round "3"]
[White "Nguyen, Ngoc Bich Chan"]
[Black "Le, Dong Phuong"]
[Result "0-1"]
[WhiteElo "1600"]
[BlackElo "1562"]
[PlyCount "98"]
[EventDate "2014.07.13"]
[EventType "swiss"]
[EventRounds "9"]
[EventCountry "VIE"]
[SourceTitle "EXT 2016"]
[Source "ChessBase"]
[SourceDate "2015.10.08"]
[SourceVersion "1"]
[SourceVersionDate "2015.10.08"]
[SourceQuality "1"]

1. e4 e5 2. Nf3 Nc6 3. Bb5 Nf6 4. Bxc6 dxc6 5. Nc3 Bd6 6. d3 h6 7. Be3 0-0 8. 0-0 Bg4 9. g3 Re8 10. Re1 Bb4 11. a3 Bxc3 12. bxc3 Nxe4 13. dxe4 Qxd1 14. Rexd1 Bxf3 15. Rdb1 b6 16. h4 Bxe4 17. Rb4 Bxc2 18. Rg4 Kf8 19. Rc1 Bf5 20. Rb4 a5 21. Rb2 Rad8 22. c4 Rd7 23. c5 bxc5 24. Bxc5+ Kg8 25. Be3 Be4 26. g4 Red8 27. f4 Rd1+ 28. Rxd1 Rxd1+ 29. Kh2 f6 30. fxe5 fxe5 31. g5 h5 32. Rb7 Rd3 33. Rb8+ Kf7 34. Bc5 Kg6 35. Ra8 Kf5 36. Rxa5 Rd2+ 37. Kg3 Rd5 38. Bb4 Rxa5 39. Bxa5 Bc2 40. Bxc7 Ke4 41. Kf2 Kd4 42. Ke2 e4 43. Kd2 Bd3 44. Bb6+ c5 45. a4 e3+ 46. Ke1 Kc4 47. a5 Kb5 48. g6 Bxg6 49. Bd8 c4 0-1